00459nam a22001457a 4500008004100000040005500041080002300096245005300119260006800172300001000240650001100250700002300261942001200284999001700296230406b |||||||| |||| 00| 0 eng d aNational Science LibrarycNational Science Library a081 Priestley bK2 aJoseph Priestley: bSelections from his writings aPennsylvania: bThe Pennsylvania state University Press, c1962 a343p. aEssays aBrown, Ira V (Ed.) 2udccBK c19283d19283